The bluest eye / (Record no. 342548)

000 -LEADER
fixed length control field 01328cam a2200325 a 4500
001 - CONTROL NUMBER
control field 1580873
003 - CONTROL NUMBER IDENTIFIER
control field NUST
005 - DATE AND TIME OF LATEST TRANSACTION
control field 20180102141644.0
008 - FIXED-LENGTH DATA ELEMENTS--GENERAL INFORMATION
fixed length control field 931029r19931970nyu 000 1 eng
010 ## - LIBRARY OF CONGRESS CONTROL NUMBER
LC control number 93043124
020 ## - INTERNATIONAL STANDARD BOOK NUMBER
International Standard Book Number 0452282196
Terms of availability $22.00 ($29.00 Can.)
040 ## - CATALOGING SOURCE
Original cataloging agency DLC
Transcribing agency DLC
Modifying agency DLC
050 00 - LIBRARY OF CONGRESS CALL NUMBER
Classification number PS3563.O8749
Item number B55 1993
082 00 - DEWEY DECIMAL CLASSIFICATION NUMBER
Classification number 813.54
Author Mark MOR
100 1# - MAIN ENTRY--PERSONAL NAME
Personal name Morrison, Toni.
9 (RLIN) 7969
245 14 - TITLE STATEMENT
Title The bluest eye /
Statement of responsibility, etc. Toni Morrison ; with a new afterword by the author.
250 ## - EDITION STATEMENT
Edition statement 1st Knopf ed.
260 ## - PUBLICATION, DISTRIBUTION, ETC.
Place of publication, distribution, etc. New York :
Name of publisher, distributor, etc. Knopf :
-- Distributed by Random House,
Date of publication, distribution, etc. 1993.
300 ## - PHYSICAL DESCRIPTION
Extent 215 p. ;
Dimensions 20 cm.
650 #0 - SUBJECT ADDED ENTRY--TOPICAL TERM
Topical term or geographic name entry element African Americans
Form subdivision Fiction.
9 (RLIN) 7809
650 #0 - SUBJECT ADDED ENTRY--TOPICAL TERM
Topical term or geographic name entry element Girls
Form subdivision Fiction.
9 (RLIN) 7970
651 #0 - SUBJECT ADDED ENTRY--GEOGRAPHIC NAME
Geographic name Ohio
Form subdivision Fiction.
9 (RLIN) 7971
655 #7 - INDEX TERM--GENRE/FORM
Genre/form data or focus term Bildungsromans.
Source of term gsafd
9 (RLIN) 3698
856 42 - ELECTRONIC LOCATION AND ACCESS
Materials specified Contributor biographical information
Uniform Resource Identifier <a href="http://www.loc.gov/catdir/bios/random057/93043124.html">http://www.loc.gov/catdir/bios/random057/93043124.html</a>
856 41 - ELECTRONIC LOCATION AND ACCESS
Materials specified Sample text
Uniform Resource Identifier <a href="http://www.loc.gov/catdir/samples/random041/93043124.html">http://www.loc.gov/catdir/samples/random041/93043124.html</a>
856 42 - ELECTRONIC LOCATION AND ACCESS
Materials specified Publisher description
Uniform Resource Identifier <a href="http://www.loc.gov/catdir/description/random041/93043124.html">http://www.loc.gov/catdir/description/random041/93043124.html</a>
906 ## - LOCAL DATA ELEMENT F, LDF (RLIN)
a 7
b cbc
c orignew
d 1
e ocip
f 19
g y-gencatlg
942 ## - ADDED ENTRY ELEMENTS (KOHA)
Source of classification or shelving scheme
Koha item type Book
Holdings
Withdrawn status Lost status Source of classification or shelving scheme Damaged status Not for loan Collection code Permanent Location Current Location Shelving location Date acquired Total Checkouts Total Renewals Full call number Barcode Checked out Date last seen Date last checked out Copy number Price effective from Koha item type
            Central Library (CL) Central Library (CL) Fiction 01/02/2018 2 1 813.54 MOR CL2468 05/06/2026 09/28/2021 11/28/2019 1 01/02/2018 Book
© 2023 Central Library, National University of Sciences and Technology. All Rights Reserved.